Andorra-Quiz - Statistiken

Allgemein
  • Dieses Quiz wurde 4.937 mal gespielt
  • Das Durchschnittsergebnis liegt bei 9 aus 16
Antwortstatistiken
Frage Antwort % Korrekt
Hauptstadt von Andorra Andorra la {Vella}
93%
Nachbarland Spanien
93%
Nachbarland Frankreich
92%
Währung von Andorra Euro
79%
...was erklärt weshalb es das ___gelegene Land Europas ist Höchst
78%
Anzahl olympischer Medaillen, die Andorra bisher gewonnen hat 0
75%
Andorra befindet sich vollständig in dieser Bergkette Pyrenäen
69%
Wirtschaftssektor, der für ca. 80% der Staatseinnahmen zuständig ist Tourismus
60%
Amtssprache Katalanisch
51%
Wegen eines rechtlichen Versehens war Andorra 1914-58 technisch gesehen im Krieg mit diesem Land Deutschland
46%
Staatsform von Andorra {Parlamentarische} Monarchie
39%
Grandvalira ist ein solches touristisches Gebiet Skigebiet
37%
Vollständiger Name von Andorra {Fürstentum} Andorra
36%
Fränkischer König, der als Gründer des modernen Staats Andorra angesehen wird Karl der Große
28%
Einer der beiden Kofürsten von Andorra {Präsident} von Frankreich
28%
Einer der beiden Kofürsten von Andorra {Bischof} von Urgell
21%
Keine übereinstimmenden Quizze gefunden
Verteilung der Resultate
Anzahl Personen mit jedem Resultat
Perzentil nach korrekt beantworteten Fragen
Ihre Resultats-Entwicklung
Sie haben dieses Quiz noch nicht gespielt